| 000 | 00386nam a2200169#a 4500 | ||
|---|---|---|---|
| 001 | 01362 | ||
| 003 | HDC | ||
| 007 | ta | ||
| 008 | 230623s2023 xx 000 0 eng d | ||
| 040 | _aHDC | ||
| 050 |
_aHA4600.6 _b .B37 2008 |
||
| 245 | 0 |
_a Basic data on the state of Perak = _bbuku data asas Negeri Perak |
|
| 942 | _2lcc | ||
| 942 | _cBK | ||
| 942 | _kHA4600.6 | ||
| 942 | _m .B37 2008 | ||
| 999 |
_c22928 _d22928 |
||